书目信息 |
| 题名: |
应用多元统计分析
|
|
| 作者: | 李春林 , 陈旭红 编著 | |
| 分册: | ||
| 出版信息: | 北京 清华大学出版社 2013.08 |
|
| 页数: | 223页 | |
| 开本: | 23cm | |
| 丛书名: | ||
| 单 册: | ||
| 中图分类: | O212.4 | |
| 科图分类: | ||
| 主题词: | 多元分析--duo yuan fen xi--统计分析--教材 , 多元分析--duo yuan fen xi , 统计分析--tong ji fen xi | |
| 电子资源: | ||
| ISBN: | 978-7-302-33296-1 | |
| 000 | 01017nam0 2200277 450 | |
| 001 | 0109110251 | |
| 005 | 20201109110341.0 | |
| 010 | @a978-7-302-33296-1@dCNY42.00 | |
| 100 | @a20140429e20202013em y0chiy50 ea | |
| 101 | 0 | @achi |
| 102 | @aCN@b110000 | |
| 105 | @ay z 000yy | |
| 106 | @ar | |
| 200 | 1 | @a应用多元统计分析@Aying yong duo yuan tong ji fen xi@f李春林, 陈旭红编著 |
| 210 | @a北京@c清华大学出版社@d2013.08@h2020.08 | |
| 215 | @a223页@d23cm | |
| 300 | @a河北省省级精品教材 | |
| 330 | @a本书涵盖了常用的多元统计分析方法。全书共十章,包括多元统计分析的理论基础、多元数据图、数据预处理、因子分析、聚类分析、判别分析、对应分析、典型相关分析、回归分析和Logistic回归。 | |
| 606 | 0 | @a多元分析@Aduo yuan fen xi@x统计分析@j教材 |
| 606 | 0 | @a多元分析@Aduo yuan fen xi |
| 606 | 0 | @a统计分析@Atong ji fen xi |
| 690 | @aO212.4@v5 | |
| 701 | 0 | @a李春林@Ali chun lin@f(1963~)@4编著 |
| 701 | 0 | @a陈旭红@Achen xu hong@f(1972~)@4编著 |
| 801 | 0 | @aCN@bBJSZM@c20201103 |
| 905 | @b1242215-8@dO212.4@e145@f4 | |
| 应用多元统计分析/李春林, 陈旭红编著.-北京:清华大学出版社,2013.08(2020.08) |
| 223页;23cm |
| 河北省省级精品教材 |
| ISBN 978-7-302-33296-1:CNY42.00 |
| 本书涵盖了常用的多元统计分析方法。全书共十章,包括多元统计分析的理论基础、多元数据图、数据预处理、因子分析、聚类分析、判别分析、对应分析、典型相关分析、回归分析和Logistic回归。 |
| ● |
| 相关链接 |
|
|
|
|
正题名:应用多元统计分析
索取号:O212.4/145
 
预约/预借
| 序号 | 登录号 | 条形码 | 馆藏地/架位号 | 状态 | 备注 |
| 1 | 1242215 | 212422154 | 第二样本阅览室/ [索取号:O212.4/145] | 在馆 | |
| 2 | 1242216 | 212422163 | 第三借阅区/ [索取号:O212.4/145] | 在馆 | |
| 3 | 1242217 | 212422172 | 第三借阅区/ [索取号:O212.4/145] | 在馆 | |
| 4 | 1242218 | 212422181 | 第三借阅区/ [索取号:O212.4/145] | 在馆 |